INTRODUCTION TO DISABILITY (Record no. 30671)

MARC details
000 -LEADER
fixed length control field 00313nam a22001337a 4500
003 - CONTROL NUMBER IDENTIFIER
control field SGT
020 ## - INTERNATIONAL STANDARD BOOK NUMBER
International Standard Book Number 9789390142248
082 ## - DEWEY DECIMAL CLASSIFICATION NUMBER
Classification number 370,SAI
100 ## - MAIN ENTRY--PERSONAL NAME
Personal name SAINI, RAVINDER
245 ## - TITLE STATEMENT
Title INTRODUCTION TO DISABILITY
260 ## - PUBLICATION, DISTRIBUTION, ETC. (IMPRINT)
Place of publication, distribution, etc NEW DELHI
Name of publisher, distributor, etc RENOVA INTERNATIONAL PUBLICATIONS
Year of Publication 2024
300 ## - PAGE DESCRIPTION
No. of Pages 162
942 ## - ADDED ENTRY ELEMENTS (KOHA)
Source of classification or shelving scheme Dewey Decimal Classification
Koha item type Books
Holdings
Withdrawn status Lost status Source of classification or shelving scheme Damaged status Use restrictions Not for loan Collection code Home library Current library Shelving location Date acquired Cost, normal purchase price SGTU Total Checkouts Full call number Accession No. (Barcode) Date last seen Bill Date Koha item type
    Dewey Decimal Classification   Restricted Access Not For Loan EDUCATION SGT Engineering Library SGT Engineering Library Reference Book 05/04/2025 950.00 SGTU   370,SAI ED5409 05/04/2025 05/04/2025 Books